| 000 | 00698nam a2200133Ia 4500 | ||
|---|---|---|---|
| 008 | 171212s9999 xx 000 0 und d | ||
| 020 | _a9780833052582 | ||
| 100 | _aAsch, Beth J.;Burger, Nicholas;Fu, Mary Manqing | ||
| 245 |
_cAsch, Beth J.;Burger, Nicholas;Fu, Mary Manqing _aMitigating Corruption in Government Security Forces _bThe Role of Institutions, Incentives, and Personnel Management in Mexico |
||
| 260 |
_bRAND Corporation _c2011 |
||
| 650 | _aManagement & Organizational Behavior | ||
| 650 | _aPolice -- Mexico -- Personnel management; Police administration -- Mexico; Police corruption -- Mexico; Police -- Government policy -- Mexico | ||
| 856 | _uwww.jstor.org/stable/10.7249/tr906rc | ||
| 999 |
_c352331 _d352331 |
||